| 000 | 00498nam a22001937a 4500 | ||
|---|---|---|---|
| 003 | OSt | ||
| 005 | 20160412175801.0 | ||
| 008 | 160412b xxu||||| |||| 00| 0 eng d | ||
| 020 | _a1403960534 | ||
| 040 | _c040a | ||
| 082 |
_a967.04 _bSCH 2001 |
||
| 100 |
_aSchwab, Peter _97782 |
||
| 245 |
_aAfrica : _ba continent self- destructs / _cPeter Schwab |
||
| 260 |
_aNew York _bPalgrave _c2001 |
||
| 300 |
_ax, 212p; _c10 cm |
||
| 504 | _aIncludes index | ||
| 650 |
_aAfrica _91168 |
||
| 942 |
_2ddc _cSLOAN |
||
| 999 |
_c3480 _d3480 |
||